000 00303nam a2200121Ia 4500
008 190216s9999||||xx |||||||||||||| ||und||
100 _aLloyd N Ferguson
245 0 _aModern Structural Theory Of Organic Chemistry
260 _bPrentice Hall
_c1973
300 _a600p
650 _aChemistry
942 _cBK
999 _c2211
_d2211